UBT Library

Posta e Porositur (Record no. 60922)

000 -LEADER
fixed length control field 00299nam a22001337a 4500
008 - FIXED-LENGTH DATA ELEMENTS--GENERAL INFORMATION
fixed length control field 260324b ||||| |||| 00| 0 eng d
020 ## - INTERNATIONAL STANDARD BOOK NUMBER
International Standard Book Number 9789951058131
041 ## - LANGUAGE CODE
Language code of text/sound track or separate title Shqip
080 ## - UNIVERSAL DECIMAL CLASSIFICATION NUMBER
Universal Decimal Classification number 821.18
100 ## - Rafti
Rafti 25
101 ## - Shkurtesa
Shkurtesa Vjersha
245 ## - TITLE STATEMENT
Title Posta e Porositur
Statement of responsibility, etc Mark Krasniqi
942 ## - ADDED ENTRY ELEMENTS (KOHA)
Source of classification or shelving scheme
Item type Books
Holdings
Withdrawn status Lost status Source of classification or shelving scheme Damaged status Not for loan Collection code Permanent location Current location Date acquired Total Checkouts Barcode Date last seen Price effective from Koha item type
          Koleksioni i përgjithshem UBT - Lipjan UBT - Lipjan 03/24/2026   003-800070999354 03/24/2026 03/24/2026 Books
          Koleksioni i përgjithshem UBT - Lipjan UBT - Lipjan 03/24/2026   003-800070999355 03/24/2026 03/24/2026 Books
          Koleksioni i përgjithshem UBT - Lipjan UBT - Lipjan 03/24/2026   003-800070999356 03/24/2026 03/24/2026 Books
          Koleksioni i përgjithshem UBT - Lipjan UBT - Lipjan 03/24/2026   003-800070999357 03/24/2026 03/24/2026 Books
          Koleksioni i përgjithshem UBT - Lipjan UBT - Lipjan 03/24/2026   003-800070999358 03/24/2026 03/24/2026 Books
          Koleksioni i përgjithshem UBT - Lipjan UBT - Lipjan 03/24/2026   003-800070999359 03/24/2026 03/24/2026 Books
UBT Library © 2015-2024. All rights reserved University Education for Business and Technology